| 000 | 01311nam a2200361Ia 4500 | ||
|---|---|---|---|
| 001 | ebr10062723 | ||
| 003 | CaPaEBR | ||
| 006 | m u | ||
| 007 | cr cn||||||||| | ||
| 008 | 000518r19981995enk sb 001 0 eng d | ||
| 010 | _z 00267260 | ||
| 020 | _z0203458257 | ||
| 020 | _z0415203538 | ||
| 020 | _z0415203929 (set) | ||
| 040 |
_aCaPaEBR _cCaPaEBR |
||
| 035 | _a(OCoLC)560131455 | ||
| 050 | 1 | 4 |
_aB525 _b.H26 1998eb |
| 082 | 0 | 4 |
_a186 _221 |
| 100 | 1 | _aHankinson, R. J. | |
| 245 | 1 | 4 |
_aThe sceptics _h[electronic resource] / _cR.J. Hankinson. |
| 260 |
_aLondon ; _aNew York : _bRoutledge, _c1998. |
||
| 300 | _aviii, 376 p. | ||
| 490 | 1 | _aThe arguments of the philosophers | |
| 500 | _aOriginally published: 1995. | ||
| 504 | _aIncludes bibliographical references (p. 352-363) and index. | ||
| 533 |
_aElectronic reproduction. _bPalo Alto, Calif. : _cebrary, _d2009. _nAvailable via World Wide Web. _nAccess may be limited to ebrary affiliated libraries. |
||
| 650 | 0 | _aSkeptics (Greek philosophy) | |
| 650 | 0 | _aPhilosophy, Ancient. | |
| 655 | 7 |
_aElectronic books. _2local |
|
| 710 | 2 | _aebrary, Inc. | |
| 830 | 0 | _aArguments of the philosophers. | |
| 856 | 4 | 0 |
_uhttp://site.ebrary.com/lib/rucke/Doc?id=10062723 _zAn electronic book accessible through the World Wide Web; click to view |
| 999 |
_c156728 _d156728 |
||